00971nam a2200229 a 4500008004100000020003200041040002500073041001300098044001100111080003000122100003500152245012000187250001300307260004900320300002800369500017400397700002800571700002400599958000600623999001700629952009500646951213s1983||||[C 0 slo c c17 Kčs. q(18000 výtl.) aSNKbslocSNKeAACR21 aslohrus axocSK a323.2(47)"1910/1911"(082)1 aLenin, Vladimir Iľjič4aut10aZobrané spisy. /Zv./ 20bNovember 1910-november 1911cVladimir Iľjič Lenin ; Eva Csányiová, Oto Takáč a2., vyd. aBratislavabPravdac1983eBratislavafPravda a705 s., 32,09 AHc21 cm aLit. 130. Životopis. údaje. Pozn. Faksim. rkp. Reg. men. a lit. prác a prameňov. Zozn. nenájdených prác V.I. Lenina. 130 zázn. v slov., češ. a ruš.1 aCsányiová, Eva4trl1 aTakáč, Oto4bkd aA c15441d15441 011040708Ka10000b10000d2019-11-29g17.00i14466oK 019r2019-11-29w2019-11-29yOLDO